<?xml version="1.0" encoding="UTF-8"?>
<collection xmlns="http://www.loc.gov/MARC21/slim">
 <record>
  <leader>01443cam a2200373 i 4500</leader>
  <controlfield tag="001">000044234</controlfield>
  <controlfield tag="003">2579</controlfield>
  <controlfield tag="005">20030917101431.0</controlfield>
  <controlfield tag="008">010315b2000    vm            000   vie</controlfield>
  <datafield tag="020" ind1=" " ind2=" ">
   <subfield code="c">50000</subfield>
  </datafield>
  <datafield tag="022" ind1=" " ind2=" ">
   <subfield code="a">T</subfield>
  </datafield>
  <datafield tag="040" ind1=" " ind2=" ">
   <subfield code="a">IRC</subfield>
   <subfield code="c">IRC</subfield>
   <subfield code="d">IRC</subfield>
  </datafield>
  <datafield tag="041" ind1="0" ind2=" ">
   <subfield code="a">vie</subfield>
  </datafield>
  <datafield tag="082" ind1="1" ind2="4">
   <subfield code="a">595.3</subfield>
   <subfield code="b">Đô-V</subfield>
  </datafield>
  <datafield tag="245" ind1="0" ind2="0">
   <subfield code="a">Động vật chí Việt Nam</subfield>
   <subfield code="n">T.1 :</subfield>
   <subfield code="p">Tôm biển =</subfield>
   <subfield code="b">Fauna Of VietNam 1 :</subfield>
   <subfield code="p">Penaeoidea, nephropoidea, palinuroidea, gonodactyloidea, lysiosquilloidea, squilloidea.</subfield>
  </datafield>
  <datafield tag="246" ind1="0" ind2="1">
   <subfield code="a">Fauna Of VietNam 1 :</subfield>
   <subfield code="b">Penaeoidea, nephropoidea, palinuroidea, gonodactyloidea, lysiosquilloidea, squilloidea.</subfield>
  </datafield>
  <datafield tag="260" ind1=" " ind2=" ">
   <subfield code="a">Hà Nội :</subfield>
   <subfield code="b">Khoa học và kỹ thuật,</subfield>
   <subfield code="c">2000.</subfield>
  </datafield>
  <datafield tag="300" ind1=" " ind2=" ">
   <subfield code="a">263tr. ;</subfield>
   <subfield code="c">27cm.</subfield>
  </datafield>
  <datafield tag="520" ind1="3" ind2=" ">
   <subfield code="a">Hệ thống phân loại lớp giáp xác và bộ mười chân. Khái quát về khu hồ tôm biển Việt Nam. Tình hình nghiên cứu, đặc điểm khu hồ tôm biển Việt Nam, giá trị kinh tế. Phân loại Tôm biển Việt Nam, hệ tôm he, họ tôm đỏ gai, họ tôm lửa, họ tôm đôn nhánh...</subfield>
  </datafield>
  <datafield tag="630" ind1="0" ind2="4">
   <subfield code="a">Động vật biển.</subfield>
  </datafield>
  <datafield tag="630" ind1="0" ind2="4">
   <subfield code="a">Tôm biển.</subfield>
  </datafield>
  <datafield tag="630" ind1="0" ind2="4">
   <subfield code="a">Fauna.</subfield>
  </datafield>
  <datafield tag="650" ind1="0" ind2="4">
   <subfield code="a">Tôm biển.</subfield>
  </datafield>
  <datafield tag="650" ind1="0" ind2="4">
   <subfield code="a">Động vật</subfield>
   <subfield code="z">Việt Nam.</subfield>
  </datafield>
  <datafield tag="OWN" ind1=" " ind2=" ">
   <subfield code="a">DUT</subfield>
  </datafield>
  <datafield tag="999" ind1=" " ind2=" ">
   <subfield code="a">From the UDN01</subfield>
  </datafield>
  <datafield tag="TYP" ind1=" " ind2=" ">
   <subfield code="a">Monograph</subfield>
  </datafield>
  <datafield tag="TYP" ind1=" " ind2=" ">
   <subfield code="a">Printed language</subfield>
  </datafield>
  <datafield tag="980" ind1=" " ind2=" ">
   <subfield code="a">Mạng thư viện Đại học Đà Nẵng</subfield>
  </datafield>
 </record>
</collection>
